Nghệ thuật tự làm đẹp

Cuốn sách " Nghệ thuật làm đẹp" sẽ giúp các bạn phương pháp giữ gìn sắc đẹp ( nghệ thuật dưỡng da, trang điểm, thể dục tạo dáng hình thon thả...), mặc đúng mốt nhưng vẫn giữ được nét duyên dáng, xinh đẹp của riêng bạn...

Full beskrivning

Sparad:
Bibliografiska uppgifter
Huvudupphovsman: Kiều, Nga
Materialtyp: Bok
Språk:Undetermined
Publicerad: Hà Nội Lao động Xã hội 2006
Ämnen:
Taggar: Lägg till en tagg
Inga taggar, Lägg till första taggen!
Thư viện lưu trữ: Trung tâm Học liệu Trường Đại học Cần Thơ
LEADER 00943nam a2200217Ia 4500
001 CTU_121083
008 210402s9999 xx 000 0 und d
020 |c 22000 
082 |a 646.704 
082 |b Ng100 
100 |a Kiều, Nga 
245 0 |a Nghệ thuật tự làm đẹp 
245 0 |c Kiều Nga, Tố Huy 
260 |a Hà Nội 
260 |b Lao động Xã hội 
260 |c 2006 
520 |a Cuốn sách " Nghệ thuật làm đẹp" sẽ giúp các bạn phương pháp giữ gìn sắc đẹp ( nghệ thuật dưỡng da, trang điểm, thể dục tạo dáng hình thon thả...), mặc đúng mốt nhưng vẫn giữ được nét duyên dáng, xinh đẹp của riêng bạn 
650 |a Beauty, personal,Girls,Grooming for girls 
650 |x Health and hygiene 
904 |i Năm 
980 |a Trung tâm Học liệu Trường Đại học Cần Thơ